000
00263nam a22001097a 4500
008
170105b xxu||||| |||| 00| 0 eng d
020
_a
9780205291359
041
_a
eng
080
_2
7TH
_a
618.2
245
_a
FIRST AID FOR COLLEGES AND UNIVERSITIES
942
_2
udc
_c
BK
999
_c
2546
_d
2546